000 01355nam a22003737a 4500
003 CHAP
005 20220329141019.0
008 971013s1996 r 00010 d
010 _a61292
011 _a62264
035 _a66438
040 _cCHAP
090 _aTesis
100 0 0 _aLeón Villarreal, Plácido Arturo.
_966202
245 _aInfluencia del plan de alimentación y del genotipo en el rendimiento y composición de la canal en bovinos cruzados de simmental
260 _aChapingo, Méx. :
_bEl autor,
_c1996
300 _a60 h.
_b; apénd.
502 _aTesis (Ing. Agr. Esp. en Zootecnia) -- UACH. Departamento de Zootecnia
590 _aALEPH
_b10
_c20130110
_lUCH01
_h1341
590 _aBATCH-UPD
_b10
_c20130109
_lUCH01
_h2346
590 _aBATCH-UPD
_b10
_c20130110
_lUCH01
_h1301
590 _aBATCH-UPD
_b10
_c20130410
_lUCH01
_h0819
590 _aBATCH-UPD
_b10
_c20130914
_lUCH01
_h0851
590 _aCONVERSION
_b10
_c20130109
_lUCH01
_h1333
650 1 4 _aCarne de res en canal.
_919223
650 1 4 _aGanado vacuno
_xAlimentación.
_945429
650 1 4 _aGanado vacuno
_xCruzas.
_945452
650 1 4 _aGanado vacuno
_xEngorda.
_945461
650 1 4 _aGanado vacuno
_xPastoreo.
_945502
901 _aBK
942 _cFOLL
949 _bBC
_cTES
_d-151627
_eTS1
_h29609
_i66438
_si
949 _bBC
_cTES
_d33724000623567
_eTS2
_fc.2
_h29610
_i66438
_si
999 _c61292
_d61292